000 01340cam a2200373Ia 4500
001 10275076
003 ZSXCFVBGH
005 20220326193255.0
008 130102s2012 cr b 000 0 spa d
020 _a9968475106
020 _a9789968475105
035 _a(OCoLC)ocn823178334
035 _a(OCoLC)823178334
035 _a(NNC)10275076
040 _aCRU
_beng
_cCRU
_dCRU
_dOCLCO
_dIXA
043 _ancho---
_acl-----
050 4 _aF1508.3
_b.G35 2012
082 _a321.097.283
_bG168g
100 1 _aGallardo, Helio,
_d1942-
_91013
245 1 0 _aGolpe de Estado y aparatos clericales :
_bAmérica Latina/Honduras /
_cHelio Gallardo.
250 _a1. ed.
260 _a[San José, Costa Rica] :
_bEditorial Arlekín,
_c2012.
300 _a168 p. ;
_c21 cm.
_bill
504 _aIncludes bibliographical references (p. 168).
650 0 _aCoups d'état
_zHonduras
_xHistory
_y20th century.
_91014
650 0 _apolitica
_zHonduras
_xGolpe de Estado
_xLucha Social
_xconflicto armado
_xclero
_91015
650 0 _aChurch and state
_zHonduras.
_91016
651 0 _aHonduras
_xHistory
_yCoup d'état, 2009.
_91017
651 0 _aHonduras
_xPolitics and government
_y1982-
_91018
651 0 _aHonduras
_xRelations
_zLatin America.
_91019
651 0 _aLatin America
_xRelations
_zHonduras.
_91020
948 1 _a20130508
_bc
_csds12
_dMPS
999 _c219
_d219